000
00289nam a22001337a 4500
008
170309b xxu||||| |||| 00| 0 eng d
020
_a
9780321551399
041
_a
eng
080
_a
611
100
_a
6
101
_a
SHM
245
_a
HUMAN PHYSIOLOGY
_c
SILVERTHORN, D.U
942
_2
udc
_c
BK
999
_c
7288
_d
7288